NHL Retired Numbers - Statistics

General Stats
  • This quiz has been taken 520 times
  • The average score is 76 of 166
Answer Stats
Team # Answer % Correct
Edmonton Oilers 99 Wayne Gretzky
95%
Los Angeles Kings 99 Wayne Gretzky
95%
Pittsburgh Penguins 66 Mario Lemieux
90%
Colorado Avalanche 33 Patrick Roy
87%
Montreal Canadiens 33 Patrick Roy
87%
Edmonton Oilers 11 Mark Messier
81%
New York Rangers 11 Mark Messier
81%
New Jersey Devils 30 Martin Brodeur
80%
Chicago Blackhawks 9 Bobby Hull
79%
Boston Bruins 4 Bobby Orr
79%
St. Louis Blues 16 Brett Hull
79%
Montreal Canadiens 16 Henri Richard
78%
Montreal Canadiens 9 Maurice Richard
78%
Detroit Red Wings 9 Gordie Howe
77%
Colorado Avalanche 19 Joe Sakic
77%
Philadelphia Flyers 2 Mark Howe
77%
Tampa Bay Lightning 26 Martin St. Louis
77%
Vancouver Canucks 22 Daniel Sedin
75%
Vancouver Canucks 33 Henrik Sedin
75%
Dallas Stars 9 Mike Modano
75%
Anaheim Ducks 8 Teemu Selänne
75%
Montreal Canadiens 10 Guy Lafleur
74%
Boston Bruins 77 Ray Bourque
73%
Colorado Avalanche 77 Ray Bourque
73%
New York Islanders 22 Mike Bossy
72%
Columbus Blue Jackets 61 Rick Nash
72%
Detroit Red Wings 19 Steve Yzerman
71%
Edmonton Oilers 17 Jari Kurri
70%
Boston Bruins 7 Phil Esposito
69%
Florida Panthers 1 Roberto Luongo
69%
Arizona Coyotes 19 Shane Doan
69%
Chicago Blackhawks 36 Tony Esposito
69%
Toronto Maple Leafs 13 Mats Sundin
68%
Buffalo Sabres 39 Dominik Hašek
67%
Philadelphia Flyers 88 Eric Lindros
67%
Ottawa Senators 11 Daniel Alfredsson
66%
Philadelphia Flyers 16 Bobby Clarke
65%
Edmonton Oilers 31 Grant Fuhr
65%
Nashville Predators 35 Pekka Rinne
65%
Colorado Avalanche 21 Peter Forsberg
65%
Anaheim Ducks 27 Scott Niedermayer
65%
New Jersey Devils 27 Scott Niedermayer
65%
Toronto Maple Leafs 17 Wendel Clark
65%
Los Angeles Kings 20 Luc Robitaille
64%
Calgary Flames 12 Jarome Iginla
63%
Montreal Canadiens 1 Jacques Plante
62%
Boston Bruins 15 Milt Schmidt
62%
Edmonton Oilers 7 Paul Coffey
62%
New Jersey Devils 4 Scott Stevens
62%
New York Rangers 30 Henrik Lundqvist
61%
Montreal Canadiens 4 Jean Béliveau
61%
Minnesota Wild 9 Mikko Koivu
60%
Tampa Bay Lightning 4 Vincent Lecavalier
60%
New York Islanders 5 Denis Potvin
59%
Los Angeles Kings 16 Marcel Dionne
59%
Vancouver Canucks 10 Pavel Bure
59%
Chicago Blackhawks 21 Stan Mikita
59%
Montreal Canadiens 29 Ken Dryden
58%
Carolina Hurricanes 17 Rod Brind'Amour
58%
Carolina Hurricanes 10 Ron Francis
58%
Detroit Red Wings 5 Nicklas Lidström
57%
New York Islanders 31 Billy Smith
56%
New York Islanders 19 Bryan Trottier
56%
Calgary Flames 9 Lanny McDonald
56%
St. Louis Blues 44 Chris Pronger
54%
Buffalo Sabres 16 Pat LaFontaine
54%
New Jersey Devils 26 Patrik Eliáš
54%
Toronto Maple Leafs 93 Doug Gilmour
53%
Montreal Canadiens 19 Larry Robinson
53%
Chicago Blackhawks 18 Denis Savard
52%
Anaheim Ducks 9 Paul Kariya
52%
Montreal Canadiens 18 Serge Savard
52%
New York Rangers 2 Brian Leetch
51%
Los Angeles Kings 4 Rob Blake
51%
Buffalo Sabres 11 Gilbert Perreault
49%
Toronto Maple Leafs 1 Johnny Bower
49%
St. Louis Blues 2 Al MacInnis
47%
Detroit Red Wings 1 Terry Sawchuk
47%
Buffalo Sabres 2 Tim Horton
47%
Toronto Maple Leafs 7 Tim Horton
47%
Colorado Avalanche 52 Adam Foote
44%
Edmonton Oilers 9 Glenn Anderson
44%
Vancouver Canucks 19 Markus Näslund
44%
Washington Capitals 11 Mike Gartner
44%
Philadelphia Flyers 1 Bernie Parent
43%
Toronto Maple Leafs 21 Börje Salming
43%
Chicago Blackhawks 1 Glenn Hall
43%
Boston Bruins 9 Johnny Bucyk
43%
Dallas Stars 56 Sergei Zubov
43%
New York Rangers 35 Mike Richter
41%
Colorado Avalanche 23 Milan Hejduk
41%
Montreal Canadiens 12 Yvan Cournoyer
41%
Toronto Maple Leafs 27 Darryl Sittler
40%
Vancouver Canucks 16 Trevor Linden
40%
Montreal Canadiens 5 Bernie Geoffrion
38%
Montreal Canadiens 7 Howie Morenz
38%
Detroit Red Wings 7 Ted Lindsay
38%
Calgary Flames 30 Mike Vernon
37%
Detroit Red Wings 10 Alex Delvecchio
36%
Montreal Canadiens 23 Bob Gainey
36%
Boston Bruins 8 Cam Neely
36%
Toronto Maple Leafs 1 Turk Broda
36%
St. Louis Blues 24 Bernie Federko
35%
Toronto Maple Leafs 14 Dave Keon
34%
Detroit Red Wings 4 Red Kelly
34%
Toronto Maple Leafs 4 Red Kelly
34%
New York Rangers 7 Rod Gilbert
34%
Montreal Canadiens 2 Doug Harvey
33%
Boston Bruins 2 Eddie Shore
32%
Toronto Maple Leafs 10 Syl Apps
32%
Ottawa Senators 4 Chris Phillips
31%
Toronto Maple Leafs 27 Frank Mahovlich
31%
Buffalo Sabres 7 Rick Martin
31%
New York Islanders 9 Clark Gillies
30%
Montreal Canadiens 12 Dickie Moore
30%
New Jersey Devils 3 Ken Daneyko
29%
Detroit Red Wings 12 Sid Abel
29%
Philadelphia Flyers 7 Bill Barber
28%
Montreal Canadiens 16 Elmer Lach
28%
Montreal Canadiens 5 Guy Lapointe
28%
Edmonton Oilers 4 Kevin Lowe
28%
Buffalo Sabres 14 René Robert
28%
New York Rangers 9 Andy Bathgate
27%
New York Rangers 9 Adam Graves
26%
Los Angeles Kings 18 Dave Taylor
26%
New York Rangers 19 Jean Ratelle
26%
Washington Capitals 5 Rod Langway
25%
New York Islanders 23 Bob Nystrom
24%
Dallas Stars 26 Jere Lehtinen
24%
Los Angeles Kings 30 Rogie Vachon
24%
Toronto Maple Leafs 9 Ted Kennedy
24%
St. Louis Blues 11 Brian Sutter
23%
Chicago Blackhawks 3 Pierre Pilote
23%
Boston Bruins 16 Rick Middleton
23%
Vancouver Canucks 12 Stan Smyl
23%
Boston Bruins 24 Terry O'Reilly
23%
Washington Capitals 32 Dale Hunter
22%
New York Rangers 1 Eddie Giacomin
22%
Toronto Maple Leafs 10 George Armstrong
22%
New York Islanders 91 Butch Goring
21%
Montreal Canadiens 3 Émile Bouchard
21%
Boston Bruins 22 Willie O'Ree
20%
Toronto Maple Leafs 7 King Clancy
19%
Pittsburgh Penguins 21 Michel Brière
19%
Toronto Maple Leafs 6 Ace Bailey
18%
Toronto Maple Leafs 9 Charlie Conacher
18%
Carolina Hurricanes 2 Glen Wesley
18%
Dallas Stars 7 Neal Broten
18%
Boston Bruins 5 Dit Clapper
17%
Toronto Maple Leafs 5 Bill Barilko
16%
Dallas Stars 19 Bill Masterton
15%
New York Rangers 3 Harry Howell
15%
Toronto Maple Leafs 4 Hap Day
14%
New York Rangers 11 Vic Hadfield
14%
New York Islanders 27 John Tonelli
13%
Edmonton Oilers 3 Al Hamilton
12%
St. Louis Blues 8 Barclay Plager
12%
St. Louis Blues 5 Bob Plager
12%
Philadelphia Flyers 4 Barry Ashbee
11%
Dallas Stars 8 Bill Goldsworthy
11%
Buffalo Sabres 18 Danny Gare
11%
Chicago Blackhawks 3 Keith Magnuson
11%
Boston Bruins 3 Lionel Hitchman
10%
St. Louis Blues 3 Bob Gassoff
9%
Ottawa Senators 8 Frank Finnigan
9%
Washington Capitals 7 Yvon Labre
8%
No matching quizzes found
Score Distribution
Percent of People with Each Score
Percentile by Number Answered
Your Score History
You have not taken this quiz